00514nam a22001217a 4500008004100000040005500041080001500096100002300111245003700134260004600171500016100217650001400378230721b |||||||| |||| 00| 0 eng d aNational Science LibrarycNational Science Library a541.14(05) aTurro, Nicholas J  aAnnual survey of photochemistry  aNew York: bJhon Wiley & Sons, Inc c1967 aVol. 1 (Annual survey of photochemistry) xiii, 588p. Vol. 2 (Annual survey of photochemistry) xiv, 412p. Vol. 3 (Annual survey of photochemistry) x, 382p. aChemistry